Statistics for South China Sea Countries

Click here to take the quiz!

General Stats

  • This quiz has been taken 17,957 times
  • The average score is 7 of 8

Answer Stats

Country % Correct
Vietnam
95%
Indonesia
95%
China
95%
Philippines
93%
Malaysia
93%
Taiwan
92%
Singapore
86%
Brunei
80%

Score Distribution

Percentile by Number Answered

Percent of People with Each Score

Your Score History

You have not taken this quiz